LIBRARY & INFORMATION CENTRE, KCAET, TAVANUR

ONLINE PUBLIC ACCESS CATALOGUE (OPAC)

Concise Oxford dictionary of current English / (Record no. 8823)

MARC details
000 -LEADER
fixed length control field 00528cam a2200205ua 4500
020 ## - INTERNATIONAL STANDARD BOOK NUMBER
ISBN 0-19-562659-1
041 ## - LANGUAGE CODE
Language code of text/sound track or separate title eng
082 ## - DEWEY DECIMAL CLASSIFICATION NUMBER
Classification number 423
Item number FOW/CO
100 ## - MAIN ENTRY--AUTHOR NAME
Personal name Fowler, H.W .
245 00 - TITLE STATEMENT
Title Concise Oxford dictionary of current English /
250 ## - EDITION STATEMENT
Edition statement 8 /
260 ## - PUBLICATION, DISTRIBUTION, ETC. (IMPRINT)
Place of publication New Delhi :
Name of publisher Oxford University Press ,
Year of publication 1992.
300 ## - PHYSICAL DESCRIPTION
Number of Pages 1454 ; .
500 ## - GENERAL NOTE
General note 17892, 17893, CSS
700 1# - ADDED ENTRY--PERSONAL NAME
Personal name Fowler, F.G .
942 ## - ADDED ENTRY ELEMENTS (KOHA)
Koha item type Books
Holdings
Withdrawn status Lost status Damaged status Home library Current library Date acquired Full call number Accession Number Koha item type Shelving location
      KAUAET KAUAET 07/04/2012 028.73 FOW/CO 17893 Books  
      KAUAET KAUAET 07/04/2012 028.73 FOW/CO 17892 Books Scheme
free website counter